General Development Order consolidation : Town and Country Planning General Development Order 1988, Town and Country Planning (Applications) Regulations 1988 (Record no. 89974)

MARC details
000 -LEADER
fixed length control field 00631cam a2200193 4500
008 - FIXED-LENGTH DATA ELEMENTS--GENERAL INFORMATION
fixed length control field 090401t1988 xxu||||| |||| 00| 0 eng d
020 ## - INTERNATIONAL STANDARD BOOK NUMBER
International Standard Book Number 0117521590
035 ## - SYSTEM CONTROL NUMBER
System control number (Sirsi) u34638
041 ## - LANGUAGE CODE
Language code of text/sound track or separate title eng
110 ## - MAIN ENTRY--CORPORATE NAME
Corporate name or jurisdiction name as entry element United Kingdom
Subordinate unit Department of the Environment
9 (RLIN) 982
245 ## - TITLE STATEMENT
Title General Development Order consolidation : Town and Country Planning General Development Order 1988, Town and Country Planning (Applications) Regulations 1988
260 ## - PUBLICATION, DISTRIBUTION, ETC.
Name of publisher, distributor, etc. HMSO
Date of publication, distribution, etc. 1988
300 ## - PHYSICAL DESCRIPTION
Extent 28p
350 ## - PRICE (NR) (BK AM CF MU VM SE) [OBSOLETE]
Price 3
490 ## - SERIES STATEMENT
Series statement DoE Circular
Volume/sequential designation 22/88 31 October 1988
690 ## - LOCAL SUBJECT ADDED ENTRY--TOPICAL TERM (OCLC, RLIN)
Topical term or geographic name as entry element PLANNING LAW AND PRACTICE
942 ## - ADDED ENTRY ELEMENTS (KOHA)
Suppress in OPAC 0
948 ## - LOCAL PROCESSING INFORMATION (OCLC); SERIES PART DESIGNATOR (RLIN)
c (OCLC) 04/03/1997
Holdings
Withdrawn status Lost status Source of classification or shelving scheme Damaged status Not for loan Home library Current library Shelving location Date acquired Cost, normal purchase price Total Checkouts Full call number Barcode Date last seen Copy number Cost, replacement price Price effective from Koha item type
    Dewey Decimal Classification     London London Basement 12/06/1992 3.00   BASEMENT 230 30033358 06/08/2019 1 3.00 06/08/2019 Book